| 000 | 00513 a2200181 4500 | ||
|---|---|---|---|
| 001 | 79047 | ||
| 020 | _a9788131717967 | ||
| 082 | _a530 YOU | ||
| 090 |
_c39536 _d39536 |
||
| 100 |
_aSears and Zemansky's _aYoung, Hugh D. |
||
| 245 |
_aUniversity Physics: with modern Physics, 12th Ed _cSears and Zemansky's _hEnglish |
||
| 250 | _a12 | ||
| 260 |
_aDelhi _bPearson _c2009 |
||
| 300 | _axix, 1551 p.; A-21; c-2 ; I-24 | ||
| 500 | _aDOS BS Reference Books | ||
| 505 | _aAHQ Books | ||
| 600 | _aFreedman, Roger A. | ||
| 942 |
_aNUST-CAE _k530 YOU |
||
| 999 |
_c314120 _d314120 |
||